| 000 | 00550nam a2200193 a 4500 | ||
|---|---|---|---|
| 001 | 106 | ||
| 003 | CO-ViMGA | ||
| 008 | 141112s2004 ck r 000 u spa d | ||
| 040 |
_aCO-ViMGA _bspa _cCO-ViMGA |
||
| 082 | 0 | 4 | _a630 G71a |
| 100 | 1 |
_aGraupera, Francisco _947824 |
|
| 245 | 1 | 0 |
_aAgricultura y ganadería en los trópicos / _cFrancisco Graupera |
| 260 |
_aBarcelona : _bAedos, _c1984 |
||
| 300 | _a299 p : il | ||
| 490 | _aBiblioteca agrícola Aedos. Tecnicas agropecuarias | ||
| 650 | 1 | 4 | _aAGRICULTURA |
| 650 | 1 | 4 | _aGANADERIA |
| 942 |
_2ddc _cBK |
||
| 999 |
_c12358 _d12358 |
||